Statistics for Closest country acrostics- D countries

Click here to take the quiz!

General Stats

  • This quiz has been taken 575 times
  • The average score is 50 of 65

Answer Stats

HintAnswer% Correct
DDjibouti
95%
OOman
95%
AAngola
89%
NNorway
89%
EEstonia
88%
DDominica
87%
OOman
87%
DDominican Republic
86%
OOman
86%
OOman
86%
CCameroon
85%
DDjibouti
85%
MMalawi
84%
RRussia
84%
RRwanda
84%
UUganda
84%
AAntigua and Barbuda
83%
AAustria
83%
EEquatorial Guinea
83%
JJordan
83%
UUganda
83%
AAntigua and Barbuda
82%
EEthiopia
82%
IIsrael
81%
NNicaragua
81%
NNicaragua
80%
CCuba
79%
DDemocratic Republic of the Congo
79%
EEritrea
79%
MMexico
79%
TTanzania
79%
BBurundi
78%
GGabon
78%
KKosovo
78%
MMexico
78%
RRepublic of the Congo
78%
IIsrael
77%
TTogo
77%
BBahamas
76%
CChad
76%
FFrance
76%
HHungary
76%
IItaly
76%
MMonaco
76%
NNigeria
76%
UUnited States
76%
IIraq
75%
TTanzania
75%
LLesotho
74%
CColombia
73%
IIreland
73%
CCentral African Republic
72%
IIceland
72%
IIceland
72%
IIreland
72%
PPanama
71%
EEl Salvador
68%
CColombia
67%
IItaly
67%
BBahrain
65%
PPortugal
65%
RRomania
63%
NNetherlands
57%
LLiberia
54%
CCote d'Ivoire
51%

Score Distribution

Percentile by Number Answered

Percent of People with Each Score

Your Score History

You have not taken this quiz